10 największych miast województwa mazowieckiego - Statystyki

Ogólne statystyki
  • Ten quiz został rozwiązany 29 razy
  • Średni wynik to 9 z 10
Statystyki odpowiedzi
Ludność Miasto % Poprawnych
196 005 Radom
100%
1 861 599 Warszawa
100%
111 190 Płock
96%
75 297 Siedlce
92%
52 630 Legionowo
88%
65 461 Pruszków
88%
48 229 Ostrołęka
85%
51 971 Piaseczno
81%
45 347 Ząbki
77%
43 895 Otwock
73%
Nie znaleziono quizów pasujących do podanych kryteriów
Rozkład punktacji
Procent ludzi z każdym wynikiem
Percentyl według liczby udzielonych odpowiedzi
Twoja historia wyników
Nie rozwiązałeś tego quizu